MARC

LEADER 00000nam0a2200000 4500
001 220289
005 20231101230325.0
010 |a 0521533872 
035 |a (RuTPU)RU\TPU\book\240410 
090 |a 220289 
100 |a 20120821d2004 m y0engy50 ba 
101 0 |a eng 
102 |a GB 
105 |a y j 001zy 
200 1 |a Study Listening. A course in listening to lectures and note-taking  |f T. Lynch 
205 |a 2nd ed. 
210 |a Cambridge  |c Cambridge University Press  |d 2004 
215 |a 214 p.  |e 2 CD-ROM 
320 |a References: p. 214. 
606 1 |a Английский язык  |x Учебные руководства и пособия  |x Пособия по развитию речи, разговорники  |2 stltpush  |3 (RuTPU)RU\TPU\subj\29074  |9 52486 
610 1 |a лексика 
610 1 |a грамматика 
610 1 |a разговорная речь 
610 1 |a упражнения 
610 1 |a аудирование 
610 1 |a CD-ROM 
686 |a Ш143.21-923.4  |v LBC/SL-A  |2 rubbk 
700 1 |a Lynch  |b T.  |g Tony 
801 1 |a RU  |b 63413507  |c 20120821 
801 2 |a RU  |b 63413507  |c 20121019  |g RCR 
942 |c BK